| 000 | 01880nas a22003257a 4500 | ||
|---|---|---|---|
| 003 | CO-CtgCURN | ||
| 005 | 20250407152859.0 | ||
| 007 | cr || aaaaaaaa | ||
| 008 | 190916c ck fr|n| |||| 00| 00spa d | ||
| 022 | _a1794984X | ||
| 040 |
_aCO-CtgCURN _bspa _ccoctgcurn _erda |
||
| 043 | _as-ck--- | ||
| 082 | _a363.1 | ||
| 110 |
_aUniversidad de Antioquia. _bDepartamento de Trabajo Social _97852 |
||
| 245 |
_aRevista Trabajo Social _h[electronic resource] / _cUniversidad de Antioquia |
||
| 260 |
_aMedellín, Antioquia : _bUniversidad de Antioquia |
||
| 300 |
_avolúmenes : _bilustraciones, gráficas, tablas ; _c25 centímetros |
||
| 336 | _2rdacontent | ||
| 337 | _2rdamedia | ||
| 338 | _2rdacarrier | ||
| 504 | _aIncluye referencias bibliográficas | ||
| 520 | _aLa Revista de Trabajo Social es el resultado de un esfuerzo conjunto de profesores, estudiantes, egresados y directivas del Departamento de Trabajo Social de la Universidad de Antioquia de generar un espacio interdisciplinario de reflexión crítica y analítica, de participación y debate académico en el escenario social, que a la vez brinde elementos significativos para la construcción académica de Trabajo Social. Es una publicación académica semestral enfocada en los desarrollos de conocimiento en torno a las teorías, las metodologías y los debates ético-políticos del Trabajo Social, la política social, la intervención social y sus relaciones con las ciencias sociales y las humanidades. | ||
| 521 | _aAREA PROFESIONAL | ||
| 550 | _aPublicado por la Universidad de Antioquia | ||
| 590 | _aPrograma de Trabajo Social_26 | ||
| 650 |
_aTrabajo social _xPublicaciones periódicas _zColombia _92415 |
||
| 856 |
_uhttps://revistas.udea.edu.co/index.php/revistraso _yHaga clic para acceso en línea |
||
| 942 |
_2ddc _cRE _h361.3 |
||
| 999 |
_c29558 _d29558 |
||